Cuide su ortografía!
| Main Author: | |
|---|---|
| Format: | Section = Libro |
| Language: | Undetermined Spanish |
| Published: |
México
Trillas
2007
|
| Edition: | 2a.ed |
| Subjects: |
| LEADER | 00509nam a2200205Ia 4500 | ||
|---|---|---|---|
| 008 | 240830s9999 xx 000 0 und d | ||
| 020 | |a 978-968-24-5367-0 | ||
| 040 | |a B-ESTELÍ- RUACS / 461 B135mo | ||
| 041 | |a spa | ||
| 082 | |a 461 B135mo | ||
| 100 | 1 | |a Basulto, Hilda. | |
| 245 | 1 | 0 | |a Cuide su ortografía! |
| 250 | |a 2a.ed | ||
| 260 | |a México |b Trillas |c 2007 | ||
| 300 | |a 84 p. | ||
| 650 | 7 | |a LINGÜISTICA | |
| 650 | 7 | |b ESPAÑOL-ORTOGRAFIA Y DELETREO | |
| 942 | |c BK |2 ddc | ||
| 991 | |a TEXTO | ||
| 999 | |c 10870 | ||